MARC

LEADER 00000nam0a2200000 4500
001 234724
005 20231101231338.0
035 |a (RuTPU)RU\TPU\book\255850 
090 |a 234724 
100 |a 20130328d1922 k y0rusy50 ca 
101 0 |a rus 
102 |a RU 
105 |a b z 000zy 
200 1 |a Методы подсчета запасов нефтяных месторождений и опыт их применения к Грозненскому и Майкопскому районам  |f С. И. Чарноцкий 
210 |a Петроград  |c Типо-Литография Народного Комиссариата Путей Сообщения  |d 1922 
215 |a 70 с.  |c карты 
225 1 |a Серия редакции журнала "Нефтяное и сланцевое хозяйство" 
606 |a Нефтяные месторождения  |x Подсчет и классификация запасов  |2 stltpush  |3 (RuTPU)RU\TPU\subj\45958  |9 65147 
610 1 |a методы подсчета 
610 1 |a месторождения 
610 1 |a нефть 
610 1 |a Майкопский район 
610 1 |a эксплуатация 
610 1 |a применение 
675 |a 553.982.04  |v 3 
700 1 |a Чарноцкий  |b С. И. 
801 1 |a RU  |b 63413507  |c 20130328 
801 2 |a RU  |b 63413507  |c 20130903  |g RCR 
942 |c BK